Guess the UFC Fighter by Tattoo #1 - Statistics

General Stats
  • This quiz has been taken 11 times
  • The average score is 8 of 12
Answer Stats
Picture Answer % Correct
Conor McGregor
100%
Ilia Topuria
100%
Max Holloway
100%
Alex Pereira
89%
Israel Adesanya
78%
Charles Oliveira
67%
Dustin Poirier
67%
Carlos Prates
56%
Darren Elkins
56%
Jamahal Hill
56%
Josh Hokit
33%
Marvin Vettori
33%
No matching quizzes found
Score Distribution
Percent of People with Each Score
Percentile by Number Answered
Your Score History
You have not taken this quiz